| 000 -LEADER |
| fixed length control field |
00586nam a22001577a 4500 |
| 020 ## - INTERNATIONAL STANDARD BOOK NUMBER |
| ISBN |
9783031195150 |
| 082 ## - DEWEY DECIMAL CLASSIFICATION NUMBER |
| Classification number |
364.36 |
| Item number |
K899 2023 |
| 100 ## - MAIN ENTRY--AUTHOR NAME |
| Personal name |
Kratcoski, Peter C., author |
| 245 ## - TITLE STATEMENT |
| Title |
Juvenile justice administration : process and issues / Peter C. Kratcoski. |
| 250 ## - EDITION STATEMENT |
| Edition statement |
Second edition. |
| 260 ## - PUBLICATION, DISTRIBUTION, ETC. (IMPRINT) |
| Place of publication |
Switzerland : |
| Name of publisher |
Springer International Publishing. |
| Year of publication |
©2023. |
| 300 ## - PHYSICAL DESCRIPTION |
| Number of Pages |
1 online resource, xiv, 287 pages : |
| Other physical details |
illustrations. |
| 500 ## - GENERAL NOTE |
| General note |
Includes bibliographical references and index. |
| 650 ## - SUBJECT ADDED ENTRY--TOPICAL TERM |
| Topical Term |
Juvenile justice, Administration of – United States. |
| 942 ## - ADDED ENTRY ELEMENTS (KOHA) |
| Koha item type |
Electronic Books |